Quizzes
Events
Quiz Creation
Community
Videos
Private Events
Remove Ads
Sign In
Join for FREE
Feedback
Dark Mode
Quiz Categories
Sports
Geography
Music
Movies
Television
Just For Fun
Miscellaneous
History
Literature
Language
Science
Gaming
Entertainment
Religion
Holiday
For Kids
Quiz Lab
Recent
Popular Today
Quiz Kudos Today
Editor Picks
Curator Picks
Quizzes by...
Day
Popularity
Type
Ratings
Length
Year
Community
Subscriptions
Recent Discussions
Orange Saloon
Badges
Playlists
Quests
Create
Leaderboards
Showdown
Live 5
Trivia Bingo
Activity
Puzzle Library
Sporcle Events
Private Events
Virtual Trivia
Globe League
Become a Host
Pub Owners
SporcleCon
Opinionation
Our Games
Videos
Blog
Mobile Apps
Partnerships
Remove Ads and Go Orange
Feedback
Movies
Disney
Marvel Cinematic Universe
Movie Resume
Movie Titles
Oscar
Actor
Actress
Director
Pixar
Role
Movie Quotes
Movie Characters
Box Office
Nominee
Best Picture
Star Wars
James Bond
Horror Movies
Movies
Disney
Marvel Cinematic Universe
Movie Resume
Movie Titles
Oscar
Actor
Actress
Director
Pixar
Role
Movie Quotes
Movie Characters
Box Office
Nominee
Best Picture
Star Wars
James Bond
Horror Movies
Random Quiz
Search Sporcle
×
Quiz Lab
Quiz Lab
Movies
Actor
Type in answers that appear in a list
Type in answers that appear in a list
Classic
Best Score? Go Orange.
A-list Actors in 'B' movies? Stats
Can you name the A-list Actors in 'B' movies??
By
EddieFelson
10m
30 Questions
412 Plays
412 Plays
412 Plays
Comments
Comments
Give Quiz Kudos
Give Quiz Kudos
-
- Ratings
hide this ad
Replay
Link that replays current quiz
Next Quiz
Link to next quiz in quiz playlist
You Got
0%
They Got
Avg Score
19%
Avg Friend Score
Upgrade to see
Score Distribution
Jump to the score distribution portion of the page
Score
0/30
Timer
10:00
0
Plays Today
Movie/Character
Actor/Actress
% Correct
A Nightmare on Elm Street (Glen Lantz)
Johnny Depp
85.4%
Leprechaun (Tory Reding)
Jennifer Aniston
69.2%
Halloween (1978) (Laurie Strode)
Jamie Lee Curtis
69.2%
Return of the Killer Tomatoes! (Matt Stevens)
George Clooney
36.7%
The Little Shop of Horrors (1960) (Wilbur Force)
Jack Nicholson
35.4%
Friday the 13th (Jack Burrel)
Kevin Bacon
34.5%
Once Bitten (Mark Kendall)
Jim Carrey
31.1%
Critters 3 (Josh)
Leonardo DiCaprio
28.2%
The Blob (1958) (Steve Andrews)
Steve McQueen
26.7%
Death Race 2000 (Machine Gun Joe Viterbo)
Sylvester Stallone
26.5%
The Return of the Texas Chainsaw Massacre (Vilmer Slaughter or Jenny) (either actor accepted)
Matthew McConaughey & Renée Zellweger
23.5%
Buffy the Vampire Slayer (Basketball Player #10)
Ben Affleck
16.7%
He Knows You're Alone (Elliot)
Tom Hanks
15.8%
A Nightmare on Elm Street 3: Dream Warriors (Kristen Parker)
Patricia Arquette
12.4%
Halloween: The Curse of Michael Myers (Tommy Doyle)
Paul Rudd
9.7%
Movie/Character
Actor/Actress
% Correct
Revenge of the Creature ( Jennings -
Lab Technician)
Clint Eastwood
8.7%
Phenomena (Jennifer Corvino)
Jennifer Connelly
7.8%
The Possessed (Paul Winjam)
Harrison Ford
6.1%
The Burning (Sophie or Dave) (either actor accepted)
Jason Alexander & Holly Hunter
5.8%
Texas Chainsaw Massacre 3 (Tex)
Viggo Mortensen
4.9%
Troll (Jeanette Cooper)
Julia Louis-Dreyfus
4.4%
The Spell (Kristina Matchett)
Helen Hunt
4.1%
Children of the Corn V: Fields of Terror (Kir)
Eva Mendes
3.9%
Children of the Corn: The Gathering (Grace Rhodes)
Naomi Watts
3.4%
Revenge of the Red Baron (Jimmy Spencer)
Tobey Maguire
3.2%
Critters 4 (Fran)
Angela Bassett
2.9%
C.H.U.D. (Cop in Diner)
John Goodman
2.9%
Tale of the Mummy (Burke)
Gerard Butler
2.7%
Poltergeist III (Donna Gardner)
Lara Flynn Boyle
2.7%
Without Warning (Tom)
David Caruso
1.7%
Quiz Playlist
Details
Report
Send in Message
Add To Playlist
Classic:
Type in answers that appear in a list
Last Updated: Feb 16, 2017
Quiz Scoreboard
CHALLENGE
Sign Up to Join the Scoreboard
Show All
Scores
Hide
Comments
May contain spoilers
Recently Published
Alphabetical 'K' Countries by Flag Minefield
by ylime102
Geography
3m
Pick 6: Fruits
by JohnFran
Miscellaneous
15s
Click the 1999 NBA Draft
by nibperrychub
Sports
2m
More to Explore
Quiz From the Vault
Featured Blog Post
15 Basketball Trivia Facts You Can Be March Mad About
hide this ad
You Might Also Like...
Tags
Actor Quiz
Actress Quiz
A-list
Character
Today's Top Quizzes in Movies
Browse Movies
hide this ad
Today's Top Quizzes in Actor
Browse Actor
Top Contributed Quizzes in Movies
1
Pixar Reveal II
2
How Long Is the Movie Title?
3
Pixar Reveal III
4
10 Quentin Tarantino Movies in Order
5
Adjectives in 00s Movies
6
Pixar Reveal IV
7
Adjectives in 10s Movies
8
Movie Stars Gone to the Dogs
9
Pixar Reveal V
10
Adjectives in 90s Movies
Explore More
Trending Topics
Disney
NBA
Marvel
Kpop
Anime
Harry Potter
Crossword
WWE
Puzzle
Country
Soccer
NFL
The Office
Pokémon
Song
hide this ad
More By:
EddieFelson
Quiz
Plays
Rating
Category
Featured
Created
So '80s Movies
80,522
4.28
Movies
Nov 1, 2010
Movie Title Mix
70,365
4.25
Movies
Mar 4, 2011
Actors With First Names in Common
70,232
4.61
Movies
Jun 17, 2013
Movies by Last 3 Letters
45,490
4.35
Movies
Aug 3, 2013
More Actors With First Names in Common
27,615
4.36
Movies
Jul 1, 2013
Go to Creator's Profile
Score Distribution
Quiz Creator Spotlight
EddieFelson
Follow
Send a Message
Quizzes Created
-
Created Quiz Play Count
-
More By This Creator
Popular Quizzes Today
1
Match the Book to the Film X
2
DC Extended Universe: Oldest to Newest
3
Medical Shows by Picture
4
Keanu Reeves Movies
5
'Inside Out' Cast
6
Animal Sorting Blitz
7
Least Populous Country of World per Letter Minefield
8
McDonald's or Burger King?
More Movies Quizzes
Oscar Winners: Best Actors - 1990s
Quiz Lab
Trending Quizzes
First Name TV: Leading Men
Match the Book to the Film II
First Name TV: Leading Women Drama
Match the Book to the Film VI
Pick A Pair: Religious TV
Recently Updated
Women's Final Four Teams by Year
bhenderson79
Presidents Quartet II
eogle
Anything But Clue(do)
eogle
Anything But Oceanian Capitals
eogle
Anything But 7
eogle
Anything But Thing
eogle
Word Ladder: February 29
pecheneg
Song Title Questions
pecheneg
Women's NCAA Tournament #1 Seeds
pecheneg
Celebrity Mug Shots
pecheneg
Trending Topics
Kpop
Disney
Marvel
NBA
Anime
Harry Potter
Crossword
Puzzle
Pokémon
The Office
Song
WWE
Country
Soccer
NFL
Your Account Isn't Verified!
In order to create a playlist on Sporcle, you need to verify the email address you used during registration. Go to your
Sporcle Settings
to finish the process.
Report this User
Report this user for behavior that violates our
Community Guidelines
.
Details:
Send Report
Go to the Sporcle.com Mobile Site →
Comments